header

Advances in biophotonics (Record no. 181199)

MARC details
000 -LEADER
fixed length control field 01701nam a2200361Ia 4500
082 04 - DEWEY DECIMAL CLASSIFICATION NUMBER
Classification number 572.435
245 00 - TITLE STATEMENT
Title Advances in biophotonics
260 ## - PUBLICATION, DISTRIBUTION, ETC. (IMPRINT)
Place of publication Amsterdam ;
-- Oxford :
Name of publisher IOS Press,
Year of publication 2005.
300 ## - PHYSICAL DESCRIPTION
Number of Pages x, 283 p. :
Other physical details ill.
490 1# - SERIES STATEMENT
Series statement NATO science series. Series I, Life and behavioural sciences ;
500 ## - GENERAL NOTE
General note Papers from the NATO Advanced Study Institute on Biophotonics : From Fundamental Principles to Health, Environment, Security and Defence Applications, Ottawa, Canada Sept.-Oct. 2004.
650 #0 - SUBJECT ADDED ENTRY--TOPICAL TERM
Topical Term Photobiochemistry
Topical Term Organic photochemistry
700 1# - ADDED ENTRY--PERSONAL NAME
Personal name Wilson, Brian,
Personal name Tuchin, V. V.
Personal name Tanev, S.
856 40 - ELECTRONIC LOCATION AND ACCESS
Uniform Resource Identifier http://site.ebrary.com/lib/rucke/Doc?id=10130634

No items available.

© 2026 Rongo University
Contact us: librarian | system librarian | Rongo university